Miasto do województwa - zaznaczanie pól - Statystyki

Ogólne statystyki
  • Ten quiz został rozwiązany 24 razy
  • Średni wynik to 37 z 60
Statystyki odpowiedzi
Zagadnienie Komórka Select % Poprawnych
województwie lubelskim Garwolin Nie
83%
województwie lubelskim Ryki Tak
83%
województwie lubelskim Siedlce Nie
83%
województwie śląskim Opole Nie
78%
województwie lubelskim Parczew Tak
78%
województwie lubelskim Siemiatycze Nie
78%
województwie świętokrzyskim Dąbrowa Górnicza Nie
74%
województwie mazowieckim Ełk Nie
74%
województwie lubelskim Frampol Tak
74%
województwie lubuskim Leszno Nie
74%
województwie świętokrzyskim Lublin Nie
74%
województwie śląskim Nysa Nie
74%
województwie świętokrzyskim Puławy Nie
74%
województwie lubuskim Pyrzyce Nie
74%
województwie lubuskim Żagań Tak
74%
województwie lubuskim Głogów Nie
70%
województwie lubelskim Kolbuszowa Nie
70%
województwie lubelskim Łosice Nie
70%
województwie śląskim Mikołów Tak
70%
województwie lubuskim Nowa Sól Tak
70%
województwie mazowieckim Olecko Nie
70%
województwie śląskim Oświęcim Nie
70%
województwie mazowieckim Płońsk Tak
70%
województwie śląskim Ruda Śląska Tak
70%
województwie świętokrzyskim Stalowa Wola Nie
70%
województwie śląskim Włoszczowa Nie
70%
województwie śląskim Alwernia Nie
65%
województwie lubelskim Bełżyce Tak
65%
województwie lubuskim Drezdenko Tak
65%
województwie lubelskim Lubaczów Nie
65%
województwie lubuskim Myślibórz Nie
65%
województwie mazowieckim Pisz Nie
65%
województwie mazowieckim Szczytno Nie
65%
województwie mazowieckim Koluszki Nie
61%
województwie lubuskim Nowy Tomyśl Nie
61%
województwie świętokrzyskim Opatów Tak
61%
województwie mazowieckim Piszczac Nie
61%
województwie świętokrzyskim Proszowice Nie
61%
województwie mazowieckim Zwoleń Tak
61%
województwie śląskim Bieruń Tak
57%
województwie świętokrzyskim Ćmielów Tak
57%
województwie mazowieckim Węgrów Tak
57%
województwie śląskim Wieluń Nie
57%
województwie świętokrzyskim Bodzentyn Tak
52%
województwie lubelskim Czemierniki Tak
52%
województwie mazowieckim Karczew Tak
52%
województwie śląskim Kłobuck Tak
52%
województwie świętokrzyskim Opatowiec Tak
52%
województwie świętokrzyskim Pionki Nie
52%
województwie świętokrzyskim Suchedniów Tak
52%
województwie lubuskim Zbąszyń Nie
52%
województwie świętokrzyskim Pacanów Tak
48%
województwie lubelskim Tyszowce Tak
48%
województwie mazowieckim Halinów Tak
43%
województwie lubuskim Kargowa Tak
43%
województwie śląskim Wojkowice Tak
43%
województwie lubuskim Szlichtyngowa Tak
39%
województwie mazowieckim Ciepielów Tak
35%
województwie śląskim Toszek Tak
35%
województwie lubuskim Torzym Tak
30%
Nie znaleziono quizów pasujących do podanych kryteriów
Rozkład punktacji
Procent ludzi z każdym wynikiem
Percentyl według liczby udzielonych odpowiedzi
Twoja historia wyników
Nie rozwiązałeś tego quizu